=LDR 00000nam 2200000 4500 =001 INLIS000000000001384 =005 20130612085806 =008 ***********************************Ind** =035 ##$$0010-061300000001384 =041 ##$$a Ind =082 ##$$a 808.51 =090 ##$$a 808.51, Mau-c =100 ##$$a MAULANA, Afqi =245 ##$$a Cara berdiskusi/MC dan berpidato, Afqi Maulana =260 ##$$a 2000 $b Gresik =300 ##$$a viii, 120 hlm, ilus, 21 cm =650 ##$$a Pidato =850 ##$$a NBPNMAT